Methods of teaching / (Record no. 4266)

MARC details
000 -LEADER
fixed length control field 00704nam a22002537i 4500
003 - CONTROL NUMBER IDENTIFIER
control field URS
005 - DATE AND TIME OF LATEST TRANSACTION
control field 20251001091328.0
008 - FIXED-LENGTH DATA ELEMENTS--GENERAL INFORMATION
fixed length control field 190704b ||||| |||| 00| 0 eng d
020 ## - INTERNATIONAL STANDARD BOOK NUMBER
International Standard Book Number 9716856598
040 ## - CATALOGING SOURCE
Description conventions rda
Transcribing agency URS
Language of cataloging eng
050 14 - LIBRARY OF CONGRESS CALL NUMBER
Classification number LB 1025.3
Item number .Sa314 2006
100 ## - MAIN ENTRY--PERSONAL NAME
Personal name Salandanan, Gloria G.
245 ## - TITLE STATEMENT
Title Methods of teaching /
Statement of responsibility, etc. Gloria G. Salandanan, Ph.D.
264 #1 - PRODUCTION, PUBLICATION, DISTRIBUTION, MANUFACTURE, AND COPYRIGHT NOTICE
Place of production, publication, distribution, manufacture Quezon City :
Name of producer, publisher, distributor, manufacturer Lorimar Publishing,
Date of production, publication, distribution, manufacture, or copyright notice 2006.
300 ## - PHYSICAL DESCRIPTION
Extent 109 pages ;
Dimensions 26 cm
336 ## - CONTENT TYPE
Content type term text
Content type code txt
Source rdacontent
337 ## - MEDIA TYPE
Media type term unmediated
Media type code n
Source rdamedia
338 ## - CARRIER TYPE
Carrier type term volume
Carrier type code nc
Source rdacarrier
500 ## - GENERAL NOTE
General note Includes references.
526 ## - STUDY PROGRAM INFORMATION NOTE
Program name BSE
650 ## - SUBJECT ADDED ENTRY--TOPICAL TERM
Topical term or geographic name entry element Teaching.
650 ## - SUBJECT ADDED ENTRY--TOPICAL TERM
Topical term or geographic name entry element Effective teaching.
942 ## - ADDED ENTRY ELEMENTS (KOHA)
Source of classification or shelving scheme Library of Congress Classification
Koha item type Filipiniana
Holdings
Withdrawn status Source of classification or shelving scheme Damaged status Not for loan Collection code Home library Current library Shelving location Date acquired Source of acquisition Total Checkouts Full call number Barcode Date last seen Price effective from Koha item type Cost, normal purchase price Copy number Date last checked out
  Library of Congress Classification     Non-fiction Antipolo College Library Antipolo College Library On Display 05/10/2018 Donation   LB 1025.3 .Sa314 2006 URSANT-02043 05/10/2018 05/10/2018 Filipiniana      
  Library of Congress Classification     Non-fiction Antipolo College Library Antipolo College Library On Display 05/10/2018 Donation   LB 1025.3 .Sa314 2006 URSANT-02044 05/10/2018 05/10/2018 Filipiniana      
  Library of Congress Classification     Non-fiction Pililla College Library Pililla College Library General Stacks 06/10/2017     371.102 Sa3m 2006 URSPIL-639 05/31/2019 06/10/2017 Filipiniana   3  
  Library of Congress Classification     Non-fiction Pililla College Library Pililla College Library General Stacks 08/10/2017     371.102 Sa3m 2006 URSPIL-637 05/31/2019 08/10/2017 Filipiniana   1  
  Library of Congress Classification     Non-fiction Pililla College Library Pililla College Library General Stacks 08/10/2017   1 371.102 Sa3m 2006 URSPIL-638 05/31/2019 08/10/2017 Filipiniana   2 02/13/2018
        Non-fiction Tanay College Library Tanay College Library New Materials Shelf 11/19/2015 Purchase   LB 1025.3 Sa314 2006 URSTAN-N1797 11/19/2015 03/10/2016 Filipiniana 180.00    
        Non-fiction Tanay College Library Tanay College Library Reserve Section 11/19/2015 Purchase   LB 1025.3 Sa314 2006 URSTAN-N1798 12/06/2018 03/10/2016 Filipiniana 180.00    

University of Rizal System
Email us at univlibservices@urs.edu.ph

Visit our Website www.urs.edu.ph/library